[Event "WY GU18 2012"]
[Site "Maribor SLO"]
[Date "2012.11.08"]
[Round "1.33"]
[White "Popadic,Mirjana"]
[Black "Bezkorovaina,M"]
[Result "1/2-1/2"]
[WhiteElo "1598"]
[BlackElo "2025"]

1.e4 c5 2.Nf3 Nc6 3.Nc3 g6 4.d4 cxd4 5.Nxd4 Bg7 6.Be3 d6 7.Be2 Nf6 8.O-O O-O
9.h3 Bd7 10.Qd2 Rc8 11.f4 Na5 12.Nf3 Nc4 13.Bxc4 Rxc4 14.e5 Ne8 15.b3 Rc8
16.Ne2 Bf5 17.c4 dxe5 18.Qxd8 Rxd8 19.fxe5 b6 20.Rad1 Nc7 21.Ned4 Bd7 22.Bg5 Rfe8
23.Rd2 h6 24.Be3 Rc8 25.Rfd1 Na6 26.Nc2 Bc6 27.Ncd4 Bxf3 28.Nxf3 Nc5 29.Bxc5 Rxc5
30.Rd5 Rec8 31.Rd8+ Rxd8 32.Rxd8+ Bf8 33.Rd7 a5 34.Rb7 e6 35.Rxb6 Rxc4 36.bxc4 Bc5+
37.Kf1 Bxb6 38.Ke2 Kf8 39.Kd3 Ke7 40.Nd2 Kd7 41.Ne4 Kc6 42.Nd6 f5 43.Nf7 Bc7
44.Kd4 Bb6+ 45.Kd3 Bc7 46.Kd4 Bb6+  1/2-1/2

[Event "Subzonal 2.3 2012"]
[Site "Pamplona COL"]
[Date "2012.11.08"]
[Round "8.5"]
[White "Ruiz Aguilar,P"]
[Black "Escobar Forero,A"]
[Result "1/2-1/2"]
[WhiteElo "2339"]
[BlackElo "2469"]

1.e4 c5 2.Nf3 Nc6 3.Nc3 Nf6 4.d4 cxd4 5.Nxd4 e5 6.Ndb5 d6 7.Bg5 a6 8.Na3 Be6
9.Nc4 Rc8 10.Bxf6 Qxf6 11.Ne3 Qd8 12.Ncd5 Be7 13.Bd3 Bg5 14.O-O O-O 15.c3 g6
16.Kh1 Kh8 17.f4 exf4 18.Nxf4 Bxf4 19.Rxf4 Qg5 20.Rf3 Ne5 21.Rg3 Qe7 22.Bc2 b5
23.Qd4 f6 24.Bb3 Bc4 25.Rd1 Nc6 26.Qxd6 Qxe4 27.Bc2 Qe5 28.Qxe5 Nxe5 29.Nxc4 Nxc4
30.b3 Na3 31.Be4 Rfe8 32.Bd5 Re2 33.h4 Rd8 34.Rgd3 Rxa2 35.c4 Nc2 36.c5 Nb4
37.Rd4 a5 38.Bf3 Rxd4 39.Rxd4 Ra1+ 40.Kh2 Rc1 41.Rd8+ Kg7 42.c6 a4 43.bxa4 bxa4
44.Ra8 Nxc6 45.Bxc6 Rxc6 46.Rxa4 h5 47.Ra7+ Kf8 48.g3 Rc2+ 49.Kg1 Re2 50.Kf1 Re7
51.Ra5 Kf7 52.Kf2 Ke6 53.Kf3 Rc7 54.Ra6+ Ke5 55.Ra3 Rc5 56.Re3+ Kf5 57.Ra3 Ke5
58.Re3+ Kd5 59.Re8 Rc3+ 60.Kf2 Rc5 61.Kf3 Kd6 62.Kg2 Re5 63.Ra8 Rc5 64.Kf3 Rc3+
65.Kf4 Rc4+ 66.Kf3 Rc5 67.Ke3  1/2-1/2

[Event "TCh-ESP CECLUB Div Honor 2012"]
[Site "Leon ESP"]
[Date "2012.11.09"]
[Round "5.1"]
[White "Harikrishna,P"]
[Black "Alsina Leal,D"]
[Result "1-0"]
[WhiteElo "2692"]
[BlackElo "2536"]

1.e4 c5 2.Nf3 Nc6 3.Nc3 Nf6 4.Bb5 g6 5.h3 Bg7 6.e5 Ng8 7.Bxc6 dxc6 8.d3 Nh6
9.g4 O-O 10.Be3 f5 11.exf6 exf6 12.Qd2 Nf7 13.O-O-O Qa5 14.a3 Be6 15.Ne4 Qxd2+
16.Bxd2 c4 17.Rhe1 Rfe8 18.dxc4 Bxc4 19.Bc3 Bd5 20.Nfd2 Re6 21.Nc5 Rxe1 22.Rxe1 Nd6
23.Nde4 Nxe4 24.Nxe4 Bxe4 25.Rxe4 Kf7 26.Rd4 Bh6+ 27.Kb1 Ke6 28.a4 c5 29.Re4+ Kf7
30.Rc4 b6 31.b4 Rc8 32.Kb2 Bf8 33.Kb3 f5 34.gxf5 gxf5 35.bxc5 bxc5 36.Rf4 Ke6
37.Kc4 a6 38.Rf3 Bd6 39.Re3+ Kf7 40.Be5 Bf8 41.Rb3 Rc6 42.Kd5 Rh6 43.f4 Rg6
44.Rb7+ Be7 45.Ra7 h5 46.Bc7 Re6 47.Be5 Rg6 48.Rd7 Ke8 49.Rb7 Kf7 50.Bc7 Re6
51.Bb6 Kf6 52.Bxc5 Bxc5 53.Kxc5 Re4 54.Rb6+ Ke7 55.Rb4 Re3 56.h4 Rh3 57.Rb7+ Ke8
58.Kd5 Rxh4 59.Ke6 Kd8 60.Rd7+ Ke8 61.Ra7 Kf8 62.Kxf5 Rh2 63.Rxa6 Rxc2 64.Kg5 Rf2
65.f5 Kf7 66.Ra7+ Kf8 67.Kf6 Kg8 68.Kg6 Kf8 69.Rf7+ Kg8 70.Rb7 Kf8 71.a5  1-0

[Event "WY BU16 2012"]
[Site "Maribor SLO"]
[Date "2012.11.09"]
[Round "2.45"]
[White "Itkin,David"]
[Black "Thorpe,Thomas"]
[Result "1-0"]
[WhiteElo "2058"]
[BlackElo "1853"]

1.e4 c5 2.Nf3 Nc6 3.Nc3 g6 4.d4 cxd4 5.Nxd4 Bg7 6.Be3 Nf6 7.Bc4 O-O 8.Bb3 d6
9.h3 Bd7 10.O-O Nxd4 11.Bxd4 Bc6 12.f4 Nd7 13.Bxg7 Kxg7 14.Kh2 Nc5 15.Qd4+ Kg8
16.Rad1 Nxb3 17.axb3 Qa5 18.Qe3 Rad8 19.Nd5 Bxd5 20.Rxd5 Qa6 21.c4 Rd7 22.Rfd1 Rfd8
23.Qe1 Qc6 24.Qd2 e6 25.Rd4 b6 26.f5 exf5 27.exf5 f6 28.fxg6 hxg6 29.Qh6 Rg7
30.Qf4 d5 31.Rxd5 Rxd5 32.cxd5 Qc2 33.Rd4 g5 34.Qxf6 Qxb2 35.d6 g4 36.Qe6+ Kh7
37.Rxg4 Rxg4 38.hxg4 Qc1 39.Qe7+ Kh8 40.d7 Qc7+ 41.Kh3  1-0

[Event "WY BU14 2012"]
[Site "Maribor SLO"]
[Date "2012.11.09"]
[Round "2.24"]
[White "Abramciuc,Marius"]
[Black "Stremavicius,T"]
[Result "1/2-1/2"]
[WhiteElo "1959"]
[BlackElo "2204"]

1.e4 c5 2.Nc3 Nc6 3.Bb5 Nd4 4.Bc4 g6 5.Nf3 Bg7 6.Nxd4 cxd4 7.Qf3 Nh6 8.d3 O-O
9.Ne2 Ng4 10.Bb3 Ne5 11.Qg3 Nc6 12.h4 Qa5+ 13.Bd2 Qe5 14.Bf4 Qa5+ 15.Bd2 Qe5
16.Bf4 Qa5+ 17.Bd2  1/2-1/2

[Event "Brno Open 2012"]
[Site "Brno CZE"]
[Date "2012.11.10"]
[Round "1"]
[White "Zlamal,Zdenek"]
[Black "Kuchynka,Lub"]
[Result "0-1"]
[WhiteElo "1532"]
[BlackElo "2005"]

1.e4 c5 2.Nc3 Nc6 3.Nf3 g6 4.Bc4 Bg7 5.O-O e6 6.Re1 d6 7.Ne2 Nge7 8.c3 O-O
9.d4 d5 10.exd5 exd5 11.Bb3 c4 12.Bc2 Bf5 13.Ng3 Bxc2 14.Qxc2 Qd6 15.b3 b5
16.bxc4 bxc4 17.a4 Rfe8 18.Ba3 Qc7 19.h4 Na5 20.h5 Nb3 21.Rad1 Nc6 22.hxg6 hxg6
23.Nd2 Nca5 24.Bb4 Nxd2 25.Rxe8+ Rxe8 26.Qxd2 Nb3 27.Qc2 a5 28.Bc5 Nxc5 29.dxc5 Qxc5
30.Kf1 Qe7 31.Ne2 Qe5 32.g3 Qh5 33.Ng1 Bxc3 34.Rb1 Bb4 35.Kg2 Qe5 36.Nf3 Qe2
37.Qc1 c3 38.Qh6 Bf8 39.Qh2 Bc5 40.Qg1 Qc4 41.Qh2 Qa2 42.Rf1 Re2 43.Kg1 Rxf2
44.Rxf2 Qxf2+ 45.Qxf2 Bxf2+ 46.Kxf2 c2  0-1

[Event "TCh-CZE Div1 Vychod 2012-13"]
[Site "Czech Republic CZE"]
[Date "2012.11.11"]
[Round "2.3"]
[White "Lanc,A"]
[Black "Seidl,S"]
[Result "1-0"]
[WhiteElo "2402"]
[BlackElo "2185"]

1.e4 c5 2.Nc3 Nc6 3.Nf3 g6 4.Bb5 Bg7 5.Bxc6 dxc6 6.d3 Nf6 7.h3 Nd7 8.Be3 b6
9.Qd2 e5 10.Bh6 Bxh6 11.Qxh6 Qe7 12.O-O f6 13.Nh2 g5 14.h4 Qf8 15.hxg5 Qxh6
16.gxh6 Rg8 17.f4 Rg6 18.f5 Rxh6 19.Nd1 c4 20.dxc4 Rh4 21.Nc3 Nc5 22.Rfe1 a5
23.g3 Rh5 24.Nf3 Ra7 25.Kg2 Rd7 26.Rad1 Rg7 27.b3 Rg4 28.Rd6 Ke7 29.Rxc6 Bb7
30.Nd5+ Kf8 31.Rxc5 bxc5 32.Nxf6 Rxe4 33.Nxe4  1-0

[Event "TCh-CZE Div1 Zapad 2012-13"]
[Site "Czech Republic CZE"]
[Date "2012.11.11"]
[Round "2.2"]
[White "Hinks Edwards,T"]
[Black "Klima,L"]
[Result "1/2-1/2"]
[WhiteElo "2414"]
[BlackElo "2339"]

1.e4 c5 2.Nc3 Nc6 3.Bb5 g6 4.Bxc6 bxc6 5.d3 Bg7 6.f4 d6 7.Nf3 Nf6 8.O-O O-O
9.Qe1 e6 10.e5 Ne8 11.Be3 c4 12.dxc4 Ba6 13.b3 d5 14.Bc5 dxc4 15.Rd1 Qc8
16.Rf2 cxb3 17.axb3 f5 18.Bxf8 Bxf8 19.Na4 Rb8 20.Qe3 c5 21.Rfd2 Bb5 22.c4 Bc6
23.Rd8 Qc7 24.Rxb8 Qxb8 25.Nxc5 Bxf3 26.gxf3 Qb6 27.b4 a5 28.Kf2 Be7 29.Rd7 Bh4+
30.Kg2 axb4 31.Rb7 Qa5 32.Rb8 Qa2+ 33.Kh3 Bf2 34.Rxe8+ Kg7 35.Nxe6+ Kh6 36.Qc1 Qe2
37.Ng5 Be1 38.Qxe1 Qxe1 39.Re7 Qf1+ 40.Kg3 Qg1+ 41.Kh3 Qf1+  1/2-1/2

[Event "WY BU18 2012"]
[Site "Maribor SLO"]
[Date "2012.11.11"]
[Round "4"]
[White "Lagarde,Max"]
[Black "Kriebel,T"]
[Result "1/2-1/2"]
[WhiteElo "2501"]
[BlackElo "2359"]

1.e4 c5 2.Nc3 Nc6 3.Nf3 e5 4.Bc4 d6 5.d3 Be7 6.h3 Nf6 7.Bg5 O-O 8.Bxf6 Bxf6
9.a3 g6 10.Nd5 Bg7 11.c3 Kh8 12.g4 f5 13.gxf5 gxf5 14.Rg1 Bh6 15.h4 fxe4
16.dxe4 Na5 17.Ba2 Rg8 18.Rxg8+ Qxg8 19.Nc7 Qg2 20.Qxd6 Bg4 21.Qxe5+ Bg7
22.Qg3 Qh1+ 23.Ng1 Qxe4+ 24.Qe3 Qxe3+ 25.fxe3 Rd8 26.Ne6 Rd3 27.Nxg7 Kxg7
28.Kf2 Rd2+ 29.Kg3 h5 30.Nf3 Re2 31.Ne5 Rxe3+ 32.Kf4 Rh3 33.Kg5 Rg3 34.Nxg4 Rxg4+
35.Kxh5 Rg2 36.Rf1 Rxb2 37.Rf7+ Kh8 38.Rf8+ Kg7 39.Rf7+ Kh8 40.Bd5 c4 41.Kg6 Rb6+
42.Rf6 Rxf6+ 43.Kxf6 b5 44.Ke5 Nb3 45.Bc6 a6 46.Bb7 Nc5 47.Bc8 Na4 48.Kd4 a5
49.Bd7 Nxc3  1/2-1/2

[Event "WY GU16 2012"]
[Site "Maribor SLO"]
[Date "2012.11.11"]
[Round "4.41"]
[White "Kejzar,Petra"]
[Black "Hansen,Erl"]
[Result "1/2-1/2"]
[WhiteElo "1723"]
[BlackElo "1846"]

1.e4 c5 2.Nf3 Nc6 3.Nc3 a6 4.d4 cxd4 5.Nxd4 e5 6.Nf3 Nf6 7.Bd3 d6 8.O-O Bg4
9.Be3 b5 10.a3 Be7 11.h3 Bh5 12.Re1 O-O 13.Nd5 Nxd5 14.exd5 Na5 15.b4 Nc4
16.Bxc4 bxc4 17.Qe2 e4 18.Bd4 Bxf3 19.gxf3 f5 20.fxe4 Bf6 21.Bxf6 Qxf6 22.exf5 Qc3
23.Kh2 Rxf5 24.Qe6+ Rf7 25.Rf1 Rf8 26.Ra2 Kh8 27.f4 Qd2+ 28.Kg1 Rxf4 29.Rxf4 Qxf4
30.c3 Qf1+ 31.Kh2 Rf2+ 32.Rxf2 Qxf2+ 33.Kh1 Qf1+ 34.Kh2 Qf4+ 35.Kh1 h6 36.Kg2 Kh7
37.h4 Qd2+ 38.Kh1 Qf4 39.Kg2 Qd2+ 40.Kh1 Qc1+ 41.Kg2 Qf4 42.Kg1 Qg3+ 43.Kf1 Qf3+
44.Kg1  1/2-1/2

[Event "WY BU16 2012"]
[Site "Maribor SLO"]
[Date "2012.11.11"]
[Round "4.51"]
[White "Park,Hyukmin"]
[Black "Kjoita,H"]
[Result "0-1"]
[WhiteElo "1541"]
[BlackElo "1992"]

1.e4 c5 2.Nc3 Nc6 3.Nf3 g6 4.d4 cxd4 5.Nxd4 Bg7 6.Be3 Nf6 7.f3 d5 8.Bb5 O-O
9.Nxc6 bxc6 10.Bxc6 Rb8 11.Rb1 Qc7 12.exd5 Bd7 13.O-O Bxc6 14.dxc6 Qxc6 15.Bxa7 Rb7
16.Bf2 Rfb8 17.Bg3 Ra8 18.Be5 Rd7 19.Qe2 Ra5 20.Kh1 Qb6 21.b3 Nh5 22.Bxg7 Ng3+  0-1

[Event "WY GU18 2012"]
[Site "Maribor SLO"]
[Date "2012.11.11"]
[Round "4.14"]
[White "Gelip,I"]
[Black "Revo,T"]
[Result "1-0"]
[WhiteElo "2016"]
[BlackElo "2072"]

1.e4 c5 2.Nc3 Nc6 3.Bb5 Nd4 4.Bc4 e6 5.Nge2 Nf6 6.d3 d5 7.Bb3 Nxb3 8.axb3 d4
9.Nb1 Bd6 10.Bg5 O-O 11.f4 Be7 12.Ng3 h6 13.Bxf6 Bxf6 14.e5 Be7 15.Qg4 f6
16.Nh5 Rf7 17.Nd2 fxe5 18.fxe5 Bh4+ 19.g3 Bg5 20.Ne4 Qd5 21.h4 Be7 22.Nhf6+ Bxf6
23.Nxf6+ Rxf6 24.exf6 Qxh1+ 25.Kf2 Qh2+ 26.Kf3 g5 27.Qh5 Kf8 28.Qg6 g4+ 29.Qxg4 Ke8
30.Qg7  1-0

[Event "WY BU16 2012"]
[Site "Maribor SLO"]
[Date "2012.11.12"]
[Round "5.1"]
[White "Eliseev,U"]
[Black "Javanbakht,N"]
[Result "1-0"]
[WhiteElo "2495"]
[BlackElo "2416"]

1.e4 c5 2.Nf3 Nc6 3.Nc3 Nf6 4.Bb5 g6 5.h3 Bg7 6.e5 Ng8 7.Bxc6 dxc6 8.d3 Nh6
9.g4 O-O 10.Be3 f5 11.exf6 exf6 12.Qd2 Nf7 13.Bxc5 Re8+ 14.Be3 f5 15.gxf5 Bxf5
16.O-O-O b5 17.Kb1 b4 18.Ne2 c5 19.Qc1 Re6 20.Nd2 Ra6 21.Nb3 Rc8 22.Bxc5 Rac6
23.d4 a5 24.Ng3 Be6 25.Qd2 Bd5 26.Rhe1 a4 27.Nc1 Nd6 28.Qf4 Nb5 29.Re7 Re6
30.Qf7+  1-0

[Event "WY BU16 2012"]
[Site "Maribor SLO"]
[Date "2012.11.12"]
[Round "5.44"]
[White "Serikbay,Chingiz"]
[Black "Ersoz,B"]
[Result "1-0"]
[WhiteElo "2028"]
[BlackElo "1935"]

1.e4 c5 2.Nc3 Nc6 3.Bb5 Nd4 4.Bc4 e6 5.Nge2 a6 6.d3 Ne7 7.O-O Nec6 8.f4 Be7
9.Be3 O-O 10.Kh1 b6 11.Bg1 Bb7 12.a3 Re8 13.Ba2 Nxe2 14.Nxe2 d5 15.e5 Bf8
16.d4 cxd4 17.Nxd4 Nxd4 18.Bxd4 Rc8 19.c3 g6 20.Qg4 a5 21.Rad1 Ba6 22.Rf2 Bc4
23.Bb1 Bg7 24.Bc2 Ba6 25.h4 h5 26.Qh3 Kh7 27.g4 hxg4 28.Qxg4 Rh8 29.Rh2 Kg8
30.h5 Rxh5 31.Rxh5 gxh5 32.Qxh5 Kf8 33.Rg1 Qd7 34.Qh7 Qb5 35.Qxg7+ Ke7 36.Qf6+ Kf8
37.Bh7  1-0

[Event "WY BU16 2012"]
[Site "Maribor SLO"]
[Date "2012.11.12"]
[Round "5.37"]
[White "Daskalov,D"]
[Black "De Abreu,Roberto N"]
[Result "1-0"]
[WhiteElo "2106"]
[BlackElo "1988"]

1.e4 c5 2.Nc3 Nc6 3.Bb5 Nd4 4.Bc4 e6 5.Nf3 Ne7 6.Nxd4 cxd4 7.Ne2 Nc6 8.d3 Bc5
9.O-O O-O 10.a3 a5 11.Ba2 b5 12.f4 a4 13.Qe1 d5 14.Ng3 f5 15.Nxf5 Kh8 16.Ng3 b4
17.f5 Rb8 18.Nh5 b3 19.cxb3 axb3 20.Qg3 Qe7 21.exd5 exd5 22.Bf4 Rb7 23.Bxb3 Rxb3
24.Rac1 Rg8 25.Bg5 Qf7 26.Rxc5 Qxh5 27.Rxc6 Rxb2 28.f6 h6 29.fxg7+ Kh7 30.Rxh6+ Qxh6
31.Bxh6 Kxh6 32.Rf6+  1-0

[Event "WY GU18 2012"]
[Site "Maribor SLO"]
[Date "2012.11.12"]
[Round "6.14"]
[White "Gelip,I"]
[Black "Ibrahimova,S"]
[Result "0-1"]
[WhiteElo "2016"]
[BlackElo "2118"]

1.e4 c5 2.Nc3 Nc6 3.Bb5 g6 4.Bxc6 bxc6 5.d3 Bg7 6.f4 d6 7.Nf3 Nh6 8.O-O O-O
9.h3 f6 10.Qe1 Nf7 11.g4 e6 12.Nh4 f5 13.gxf5 gxf5 14.exf5 exf5 15.Kh2 Kh8
16.Rg1 Bf6 17.Nf3 Bd7 18.Be3 Rb8 19.Rb1 Re8 20.Qf2 Qc7 21.d4 Rb4 22.a3 Rbb8
23.Ng5 Nxg5 24.fxg5 Rxe3 25.Qxe3 cxd4 26.Qf3 Be5+ 27.Kh1 dxc3 28.bxc3 Rg8
29.Qh5 c5 30.Kg2 Be8 31.Qh4 Bxc3 32.Qf4 Qe7 33.h4 Qe2+ 34.Kh3 Be5 35.Rbe1 Qxe1
36.Rxe1 Bxf4  0-1

[Event "WY BU16 2012"]
[Site "Maribor SLO"]
[Date "2012.11.12"]
[Round "6.7"]
[White "Fang,Yan"]
[Black "Alekseenko,K"]
[Result "1/2-1/2"]
[WhiteElo "2289"]
[BlackElo "2434"]

1.e4 c5 2.Nf3 Nc6 3.Nc3 d6 4.d4 cxd4 5.Nxd4 Nf6 6.Bc4 e6 7.Be3 Be7 8.Qe2 a6
9.O-O-O Nxd4 10.Bxd4 b5 11.Bb3 Bb7 12.a3 O-O 13.g4 Nd7 14.f4 Rc8 15.Kb1 Nc5
16.Bxc5 Rxc5 17.f5 Re5 18.Rhf1 a5 19.fxe6 fxe6 20.Rf5 Rfxf5 21.gxf5 b4 22.axb4 axb4
23.Na2 Bxe4 24.Bxe6+ Kh8 25.Nxb4 Qa8 26.Qa6 Qxa6 27.Nxa6 Rb5 28.Re1 Re5  1/2-1/2

[Event "WY BU18 2012"]
[Site "Maribor SLO"]
[Date "2012.11.12"]
[Round "6.24"]
[White "Klabis,R"]
[Black "Druska,J"]
[Result "1/2-1/2"]
[WhiteElo "2126"]
[BlackElo "2310"]

1.e4 c5 2.Nc3 Nc6 3.Bb5 Nd4 4.Bc4 e6 5.Nge2 Nf6 6.O-O a6 7.a4 d5 8.exd5 exd5
9.Ba2 Nxe2+ 10.Qxe2+ Be7 11.d3 Be6 12.Bg5 O-O 13.Rae1 Qd7 14.f4 Rfe8 15.Kh1 b5
16.Qf3 d4 17.Bxf6 gxf6 18.Rxe6 fxe6 19.Qg4+ Kh8 20.Bxe6 Qd8 21.Ne4 bxa4 22.Rf3 Qa5
23.c3 Rg8 24.Bxg8 Rxg8 25.Qd7 a3 26.Qxe7 axb2 27.Qxf6+ Rg7 28.Qf8+  1/2-1/2

[Event "WY BU14 2012"]
[Site "Maribor SLO"]
[Date "2012.11.14"]
[Round "7.22"]
[White "Xu,Minghui"]
[Black "Zirkelbach,Maj"]
[Result "1-0"]
[WhiteElo "2112"]
[BlackElo "1732"]

1.e4 c5 2.Nf3 Nc6 3.Nc3 g6 4.Bb5 Bg7 5.O-O d6 6.Re1 Bd7 7.Bxc6 Bxc6 8.d4 cxd4
9.Nxd4 Nf6 10.Nxc6 bxc6 11.Qf3 Qc7 12.Bg5 Nd7 13.Rad1 Rb8 14.b3 O-O 15.Na4 Nb6
16.Nc3 Nd7 17.Qe3 Rfe8 18.Bh6 Bh8 19.Ne2 Ne5 20.Qg3 f6 21.Bd2 Qd7 22.Bc3 Nf7
23.Nd4 e5 24.Nf5 d5 25.h4 Kf8 26.Ne3 d4 27.Nc4 Qe6 28.Bb2 c5 29.c3 Bg7 30.Ba3 Qc6
31.cxd4 exd4 32.Rxd4 Kg8 33.Rd3 Rbd8 34.Rxd8 Rxd8 35.Qe3 Bf8 36.g3 Nh6 37.f3 Qc7
38.Kg2 Nf7 39.Re2 Ne5 40.Nxe5 fxe5 41.Rd2 Rxd2+ 42.Qxd2 Qd6 43.Qxd6 Bxd6
44.f4 exf4 45.gxf4 Bxf4 46.Bxc5 a6 47.Kf3 Be5 48.a4 Kf7 49.Bf2 Bd6 50.Be1 Ke6
51.b4 Be7 52.b5 axb5 53.axb5 h6 54.Bg3 Kd7 55.Kg4 Bc5 56.Bf4 g5 57.hxg5 hxg5
58.Kxg5 Kc8 59.Kg4 Kb7 60.Kf3 Kb6 61.Be3 Kxb5 62.Bxc5 Kxc5 63.Kf4 Kd6 64.Kf5 Ke7
65.Ke5  1-0

[Event "WY BU16 2012"]
[Site "Maribor SLO"]
[Date "2012.11.14"]
[Round "7.24"]
[White "Daskalov,D"]
[Black "Reshef,O"]
[Result "0-1"]
[WhiteElo "2106"]
[BlackElo "2228"]

1.e4 c5 2.Nc3 Nc6 3.Bb5 Nd4 4.Bc4 e6 5.Nf3 Nf6 6.O-O a6 7.d3 b5 8.Bb3 Nxb3
9.axb3 Bb7 10.Re1 d5 11.exd5 Nxd5 12.Ne4 Be7 13.Bg5 f6 14.Bd2 Qd7 15.Ng3 e5
16.c4 Nc7 17.Nxe5 fxe5 18.Qh5+ Kf8 19.Qxe5 Bf6 20.Qxc5+ Kf7 21.Nf5 Rhd8 22.Bc3 Ne6
23.Nh6+ gxh6 24.Qh5+ Kg7 25.Bxf6+ Kxf6 26.Qxh6+ Kf7 27.Rxe6 Qxe6 28.Qxh7+ Kf8
29.Qxb7 Rab8 30.Qh7 Qf6 31.cxb5 Rxb5 32.Ra4 Rd4 33.Rxd4 Qxd4 34.Qh6+ Kf7
35.Qxa6 Rxb3 36.Qc8 Rxb2 37.Qf5+ Ke7 38.g3 Qf6 39.Qc5+ Kf7 40.Kg2 Rb6 41.Qc4+ Kg6
42.h4 Rd6 43.Qg8+ Qg7 44.Qe8+ Kh7 45.Qe4+ Qg6 46.h5 Qxe4+ 47.dxe4 Kh6 48.g4 Kg5
49.Kg3 Rd3+ 50.f3 Ra3 51.e5 Rb3 52.e6 Kf6 53.e7 Kxe7 54.g5 Ke6 55.Kg4 Rb1
56.h6 Rg1+ 57.Kf4 Rg2 58.h7 Rh2 59.Kg4 Rxh7 60.f4 Ra7 61.f5+ Ke5 62.f6 Ke6
63.Kh5 Kf7 64.Kh6 Ra1  0-1

[Event "22nd World Seniors Open"]
[Site "Kamena Vourla GRE"]
[Date "2012.11.15"]
[Round "3.46"]
[White "Nielsen,Pet"]
[Black "Sevenyuk,A"]
[Result "1/2-1/2"]
[WhiteElo "1733"]
[BlackElo "1921"]

1.e4 c5 2.Nc3 Nc6 3.Bb5 g6 4.Bxc6 dxc6 5.d3 Bg7 6.Nge2 e5 7.O-O Ne7 8.Be3 b6
9.a4 a5 10.f4 Bg4 11.fxe5 Bxe5 12.Qd2 Qc7 13.Bf4 Bxe2 14.Nxe2 O-O 15.Bxe5 Qxe5
16.Qc3  1/2-1/2

[Event "WY BU16 2012"]
[Site "Maribor SLO"]
[Date "2012.11.15"]
[Round "8.33"]
[White "Radovanovic,Nik"]
[Black "De Abreu,Roberto N"]
[Result "0-1"]
[WhiteElo "2170"]
[BlackElo "1988"]

1.e4 c5 2.Nf3 Nc6 3.Nc3 e5 4.d3 d6 5.h3 Be7 6.Nd5 Nf6 7.Nxe7 Qxe7 8.c3 h6
9.g4 Nd8 10.Bg2 Ne6 11.Be3 h5 12.g5 Nh7 13.Qd2 Bd7 14.h4 Nhf8 15.Ng1 Ng6
16.Ne2 Bc6 17.Ng3 Nef4 18.Bf3 Bb5 19.c4 Bd7 20.Ne2 Ne6 21.Nc3 Bc6 22.O-O-O O-O-O
23.Rde1 Rh7 24.Nd5 Qd7 25.Kb1 Rhh8 26.Rc1 Kb8 27.Rc3 Bxd5 28.cxd5 Nd4 29.Bd1 Ka8
30.Ka1 Rb8 31.Ra3 b5 32.Bxd4 cxd4 33.Ra6 Rb6 34.Rxb6 axb6 35.Bb3 Rc8 36.Qb4 Nf4
37.Qd2 Kb7 38.Kb1 Qg4 39.a4 Qd7 40.Rd1 bxa4 41.Bc4 Rc5 42.Qb4 b5 43.b3 Kc8
44.Qa5 Qb7 45.b4 bxc4 46.Qxa4 Rb5 47.Kc2 Nxd3 48.Rb1 Nxb4+ 49.Kd1 c3 50.Ke2 d3+
51.Kf3 c2 52.Rc1 d2 53.Rxc2+ Nxc2 54.Qxc2+ Qc7 55.Qxd2 Rb3+ 56.Kg2 Qc3 57.Qd1 Qh3+
58.Kg1 Rd3 59.Qc2+ Kd8 60.Qe2 Qf3 61.Qxf3 Rxf3 62.Kg2 Rf4 63.f3 g6 64.Kg3 Kc7  0-1

[Event "WY BU16 2012"]
[Site "Maribor SLO"]
[Date "2012.11.15"]
[Round "8.56"]
[White "Deary,Daniel"]
[Black "Thorpe,Thomas"]
[Result "1/2-1/2"]
[WhiteElo "1602"]
[BlackElo "1853"]

1.e4 c5 2.Nc3 Nc6 3.Bb5 Nd4 4.Bc4 g6 5.Nge2 Bg7 6.d3 d6 7.O-O Nf6 8.Nxd4 cxd4
9.Ne2 Nd7 10.f4 O-O 11.Qe1 Nb6 12.Bb3 e6 13.a4 Nd7 14.Qf2 e5 15.f5 Qf6 16.Qg3 d5
17.fxg6 Qxg6 18.Bxd5 Nf6 19.Bc4 Bg4 20.Qf2 Rac8 21.Ng3 Be6 22.Nf5 Bxf5 23.Qxf5 Qxf5
24.Rxf5 Nxe4 25.Bb3 Nc5 26.Bc4 Ne4 27.Bb3 Nc5 28.Bd5 Rcd8 29.Bc4 Rc8 30.b3 b6
31.Bg5 Ne6 32.Bf6 Bxf6 33.Rxf6 Nf4 34.g3 Ng6 35.Raf1 Rc7 36.h4 Kg7 37.h5 Nf4
38.Rf5 Ne2+ 39.Kg2 f6 40.R1f2 Nc3 41.g4 Nd1 42.R2f3 Ne3+ 43.Rxe3 dxe3 44.Rf3 h6
45.Rxe3 Rd8 46.Kf2 Rd4 47.Be6 Rd6 48.Bf5 Kf8 49.c4 Rg7 50.Rg3 Rd4 51.Be4 Ke7
52.b4 Kd6 53.Kf3 Rg8 54.Rg1 Rb8 55.Rg2 a5 56.b5 Kc5 57.Rb2 Rbd8 58.Ke3 Rg8
59.Kf3 Rg7 60.Rb1 Rd8 61.Rb2 Rd6 62.Bf5 Rd4 63.Rc2 Rc7 64.Rc1 Rd8 65.Rc2 Rg8
66.Rc1 Rgg7 67.Rc2 Rge7 68.Be4 Rc8 69.Rc1 Rec7 70.Rc2 Rd8 71.Rc1  1/2-1/2

[Event "WY BU14 2012"]
[Site "Maribor SLO"]
[Date "2012.11.15"]
[Round "8.46"]
[White "Abramciuc,Marius"]
[Black "Fitzgerald,Robert C"]
[Result "1-0"]
[WhiteElo "1959"]
[BlackElo "1734"]

1.e4 c5 2.Nc3 Nc6 3.Bb5 Nd4 4.Bc4 a6 5.a4 g6 6.Nf3 Bg7 7.Nxd4 cxd4 8.Qf3 e6
9.Ne2 Ne7 10.d3 O-O 11.O-O Nc6 12.Qg3 Re8 13.Bb3 b6 14.Bf4 e5 15.Bg5 Qc7
16.f4 Na5 17.Ba2 Qxc2 18.fxe5 Nb3 19.Qf3 Rf8 20.Be7 Bb7 21.Bxf8 Rxf8 22.Bxb3 Qxb3
23.Nxd4 Qxb2 24.Qe3 Bxe5 25.Nf3 Bd6 26.Qh6 Bc5+ 27.Kh1 d5 28.d4 Be7 29.e5 b5
30.e6 f5 31.Rab1 Qe2 32.Ne5 Rf6 33.Rbe1 Qh5 34.Qc1 Bd6 35.e7 Re6 36.Nf3 Rxe7
37.Rxe7 Bxe7 38.Qc7 bxa4 39.Qxe7 Bc6 40.Ne5 Bb5 41.Qf7+ Kh8 42.Qf8+  1-0

[Event "VIII Governor's Cup"]
[Site "Khanty-Mansiysk RUS"]
[Date "2012.11.16"]
[Round "2.5"]
[White "Stukopin,A"]
[Black "Timofeev,Arty"]
[Result "0-1"]
[WhiteElo "2481"]
[BlackElo "2600"]

1.e4 c5 2.Nf3 Nc6 3.Nc3 e5 4.Bc4 d6 5.d3 Be7 6.O-O Nf6 7.h3 O-O 8.a3 a6 9.Nd5 Nxd5
10.Bxd5 Kh8 11.c3 f5 12.b4 cxb4 13.axb4 Rb8 14.Kh1 Bf6 15.Qb3 Ne7 16.Be6 Bxe6
17.Qxe6 Rc8 18.Qb3 d5 19.Bb2 dxe4 20.dxe4 fxe4 21.Rad1 Qe8 22.Nd2 Qg6 23.Rde1 e3
24.Rxe3 Rcd8 25.Nc4 Nf5 26.Re2 Nh4 27.Ne3 Bg5 28.Qc4 Bf4 29.Rg1 Qh5 30.Ng4 Nf3
31.Ra1 Ng5 32.Kg1 Nxh3+ 33.gxh3 Qxh3 34.f3 Qxf3 35.Rg2 Rd2 36.Qf1 Be3+ 37.Kh2 Qxf1
38.Rxf1 Rxf1 39.Nxe3 Rff2 40.Bc1 Rxg2+ 41.Nxg2 Rc2  0-1

[Event "WY GU18 2012"]
[Site "Maribor SLO"]
[Date "2012.11.16"]
[Round "9.15"]
[White "Leks,M"]
[Black "Neuhauser,S"]
[Result "0-1"]
[WhiteElo "2069"]
[BlackElo "2008"]

1.e4 c5 2.Nc3 Nc6 3.Nge2 g6 4.d4 cxd4 5.Nxd4 Bg7 6.Nb3 Nf6 7.Be2 O-O 8.O-O d6
9.Re1 Be6 10.Bg5 Rc8 11.Bf1 Re8 12.Nd5 Bxd5 13.exd5 Nb4 14.Bxf6 Bxf6 15.c3 Na6
16.Bb5 Rf8 17.Bxa6 bxa6 18.Re4 Rb8 19.Qe2 Rb6 20.Ra4 Qc8 21.Rd1 Qb7 22.Qd3 Rb5
23.Na5 Qd7 24.Nc6 e6 25.c4 Rxb2 26.Rxa6 Ra8 27.Qf3 Kg7 28.Na5 Re8 29.c5 Qb5
30.Rxd6 Qxc5 31.dxe6 Qxa5 32.g4 Re7 33.R6d5 Qc3 34.R5d3 Qe5 35.Re3 Qb5 36.a4 Qb7
37.Qg3 Rb1 38.Rxb1 Qxb1+ 39.Kg2 Qb7+ 40.Kh3 fxe6 41.g5 Bd4 42.Rb3 Qd5 43.Rb5 Qc4
44.Qg2 Rf7  0-1

[Event "VIII Governor's Cup B"]
[Site "Khanty-Mansiysk RUS"]
[Date "2012.11.17"]
[Round "3"]
[White "Pranizin,G"]
[Black "Demianjuk,A"]
[Result "0-1"]
[WhiteElo "2158"]
[BlackElo "2342"]

1.e4 c5 2.Nc3 Nc6 3.Bb5 Nd4 4.Nge2 e6 5.O-O a6 6.Bd3 Nc6 7.Ng3 h5 8.Nxh5 Qh4
9.Be2 Nd4 10.Bg4 f5 11.exf5 exf5 12.Qe1+ Kf7 13.Bd1 Rxh5 14.Bxh5+ Qxh5 15.Rb1 Nf3+
16.gxf3 Bd6 17.f4 Bxf4  0-1

[Event "WY GU16 2012"]
[Site "Maribor SLO"]
[Date "2012.11.17"]
[Round "10.43"]
[White "Bernik,A"]
[Black "Bartsits,Sabina"]
[Result "1-0"]
[WhiteElo "1680"]
[BlackElo "1768"]

1.e4 c5 2.Nc3 Nc6 3.Bb5 a6 4.Bxc6 bxc6 5.d3 d5 6.f4 e6 7.Nf3 Bd6 8.O-O Ne7
9.Qe1 Bb8 10.Na4 Ba7 11.Be3 d4 12.Bd2 Rb8 13.Ba5 Qd7 14.Ne5 Qb7 15.Nc4 O-O
16.b3 Qd7 17.Bb6 Bxb6 18.Ncxb6 Qc7 19.Qa5 f5 20.Qxc5 fxe4 21.dxe4 Ng6 22.g3 Rd8
23.Rad1 Nf8 24.Rxd4 Rxd4 25.Qxd4 c5 26.Qe5 Qc6 27.Nxc8 Rxc8 28.f5 exf5 29.Qxf5 c4
30.Qd5+ Qxd5 31.exd5 cxb3 32.cxb3 Rd8 33.Rd1 Rd6 34.Nc3 Nd7 35.Ne4 Rb6 36.Rd4 Ne5
37.Kg2 a5 38.d6 Nd7 39.Kf3 Kf7 40.Ke3 h6 41.Rd5 a4 42.bxa4 Rb2 43.Rd2 Rb4
44.Nc3 Ke6 45.a5 Ne5 46.d7 Nxd7 47.Rd4 Rb8 48.a6 Ra8 49.Nb5 Ke7 50.Re4+ Kf6
51.a7 Nb6 52.Rd4 Ke5 53.a4 Rc8 54.Kd3 Na8 55.Rc4 Rf8 56.Nc7 Kd6 57.Nxa8 Rxa8
58.a5 Rxa7 59.Ra4 Ra6 60.Kd4 g5 61.h4 Kc6 62.hxg5 hxg5 63.Ke5 Kb5 64.Ra1 Kb4
65.Kf5 Kb3 66.Kxg5 Kb2 67.Ra4 Kb3 68.Rf4 Rxa5+ 69.Rf5 Ra1 70.g4 Kc4 71.Kg6 Kd4
72.g5 Ke4 73.Rf6 Ke5 74.Kg7 Ra8 75.g6 Ra7+ 76.Rf7 Ra8 77.Kh7 Ke6 78.Rf3 Ra1
79.g7 Rh1+ 80.Kg8 Ke7 81.Re3+ Kd8 82.Re4 Kd7 83.Kf7 Rf1+ 84.Kg6 Rg1+ 85.Kf6  1-0

[Event "WY BU16 2012"]
[Site "Maribor SLO"]
[Date "2012.11.17"]
[Round "10.9"]
[White "Ladva,O"]
[Black "Carow,J"]
[Result "1-0"]
[WhiteElo "2224"]
[BlackElo "2259"]

1.e4 c5 2.Nf3 Nc6 3.Nc3 e5 4.Nd5 d6 5.Bc4 Be7 6.c3 Nf6 7.d3 O-O 8.O-O Be6
9.Ng5 Bxd5 10.exd5 Na5 11.f4 Nxc4 12.dxc4 Nd7 13.Qd3 Bxg5 14.fxg5 Qe7 15.Qe4 f6
16.Qg4 Rae8 17.Be3 Qf7 18.Rf5 Kh8 19.Raf1 b5 20.cxb5 e4 21.gxf6 gxf6 22.Qh4 Rg8
23.b4 Rg6 24.bxc5 dxc5 25.a4 Qg7 26.R1f2 Qe7 27.Qf4 Reg8 28.Qc7 Qe8 29.Qc6 Qd8
30.d6 Ne5 31.Qxe4 Qxd6 32.Rd2 Qe6 33.Rf1 Rg4 34.Bf4 c4 35.Bxe5 fxe5 36.Qf5 Qxf5
37.Rxf5 e4 38.Re5 Rf4 39.Re2 Rf3 40.R5xe4 Rxc3 41.h3 Rxh3 42.Rxc4 Ra3 43.Kh2 Ra1
44.Rh4 Rd1 45.Re7 Rg7 46.Re8+ Rg8 47.Rhe4 Ra1 48.Rxg8+ Kxg8 49.Rc4  1-0